00399pab a2200133 454500008004000000100001800040245012300058260000900181300001600190362000800206650001600214700001700230773001800247180718b2009 xxu||||| |||| 00| 0 eng d aLee, Gyoungju aA spatial statistical approach to identifying areas with poor access to Grocery foods in the city of Buffalo, New York c2009 ap.1299-315. aJun aFood supply aLim, Hyunwoo aUrban Studies